AP Classes - Sudden Death - Statistics

General Stats
  • This quiz has been taken 28 times
  • The average score is 23 of 30
Answers on the Grid
Answers color-coded by a green-red scale on the quiz's grid according to % correct below.
Linguistics
World History: Ancient
Organic Chemistry
Russian Language and Culture
Differential Equations
Philosophy
Classics
Thermodynamics
Asian History
Political Science: Civil Policy
Arabic Language and Culture
Child Development
Linear Algebra
Artificial Intelligence Principles
Culinary Arts and Sciences
2D Art and Design
3D Art and Design
Drawing
Art History
Music Theory
English Language and Composition
African American Studies
Comparative Government and Politics
European History
Human Geography
Macroeconomics
Microeconomics
Psychology
United States Government and Politics
United States History
World History: Modern
Calculus BC
Computer Science Principles
Precalculus
Environmental Science
Physics 2
Physics C: Electricity and Magnetism
Chinese Language and Culture
German Language and Culture
Italian Language and Culture
Japanese Language and Culture
Latin
Spanish Literature and Culture
Research
Seminar
 
Answer Stats
Answer % Correct
Calculus BC
95%
Macroeconomics
95%
Precalculus
90%
Psychology
90%
United States History
90%
Human Geography
85%
Physics 2
85%
Spanish Literature and Culture
85%
United States Government and Politics
85%
Chinese Language and Culture
80%
Computer Science Principles
80%
English Language and Composition
80%
Latin
80%
Microeconomics
80%
3D Art and Design
75%
African American Studies
75%
Environmental Science
75%
European History
75%
Music Theory
75%
Physics C: Electricity and Magnetism
75%
Research
75%
World History: Modern
75%
Art History
70%
German Language and Culture
70%
Japanese Language and Culture
70%
Seminar
70%
Comparative Government and Politics
65%
2D Art and Design
60%
Drawing
60%
Italian Language and Culture
55%
No matching quizzes found
Score Distribution
Percent of People with Each Score
Percentile by Number Answered
Your Score History
You have not taken this quiz